000 00278nam a22001217a 4500
082 _a823
_bMOO/G
100 _aMOORE,PATRICIA
245 _aGREAT AUTHORS' SHORT STORIES
260 _aNEW DELHI
_bMAANU GRAPHICS
300 _a144
650 _aSHORT STORIES
_zNEW DELHI
942 _cBK
999 _c3523
_d3523